Writings on cities / (Record no. 353171)

000 -LEADER
fixed length control field 00845 a2200253 4500
003 - CONTROL NUMBER IDENTIFIER
control field OSt
005 - DATE AND TIME OF LATEST TRANSACTION
control field 20180116192357.0
008 - FIXED-LENGTH DATA ELEMENTS--GENERAL INFORMATION
fixed length control field 120606t xxu||||| |||| 00| 0 eng d
010 ## - LIBRARY OF CONGRESS CONTROL NUMBER
LC control number 95012470
020 ## - INTERNATIONAL STANDARD BOOK NUMBER
International Standard Book Number 0631191879
020 ## - INTERNATIONAL STANDARD BOOK NUMBER
International Standard Book Number 0631191887 (pbk.)
040 ## - CATALOGING SOURCE
Transcribing agency 0
082 00 - DEWEY DECIMAL CLASSIFICATION NUMBER
Classification number 307.76
100 1# - MAIN ENTRY--PERSONAL NAME
Personal name Lefebvre, Henri,
9 (RLIN) 4132
245 10 - TITLE STATEMENT
Title Writings on cities /
Statement of responsibility, etc. Henri Lefebvre ; selected, translated, and introduced by Eleonore Kofman and Elizabeth Lebas.
260 ## - PUBLICATION, DISTRIBUTION, ETC.
Place of publication, distribution, etc. Cambridge, Mass, USA :
Name of publisher, distributor, etc. Blackwell Publishers,
Date of publication, distribution, etc. 1996.
300 ## - PHYSICAL DESCRIPTION
Extent vi, 250 p. ;
Dimensions 24 cm.
500 ## - GENERAL NOTE
General note Translated from the French.
650 #0 - SUBJECT ADDED ENTRY--TOPICAL TERM
Topical term or geographic name entry element Cities and towns.
9 (RLIN) 4133
700 1# - ADDED ENTRY--PERSONAL NAME
Personal name Kofman, Eleonore.
9 (RLIN) 4134
700 1# - ADDED ENTRY--PERSONAL NAME
Personal name Lebas, Elizabeth.
9 (RLIN) 4135
942 ## - ADDED ENTRY ELEMENTS (KOHA)
Institution code [OBSOLETE] SADA
Koha item type Book
Call number prefix 307.76 LEF 1996
Source of classification or shelving scheme
Holdings
Withdrawn status Lost status Source of classification or shelving scheme Damaged status Not for loan Permanent Location Current Location Date acquired Total Checkouts Total Renewals Full call number Barcode Date last seen Date last checked out Cost, replacement price Price effective from Koha item type
          School of Art Design and Architecture (SADA) School of Art Design and Architecture (SADA) 06/03/2011 4 2 307.76 LEF 1996 SADA0001181 04/02/2015 02/04/2015 3622.00 08/05/2011 Book
© 2023 Central Library, National University of Sciences and Technology. All Rights Reserved.